<?xml version="1.0" encoding="UTF-8"?>
<record
    xmlns:xsi="http://www.w3.org/2001/XMLSchema-instance"
    xsi:schemaLocation="http://www.loc.gov/MARC21/slim http://www.loc.gov/standards/marcxml/schema/MARC21slim.xsd"
    xmlns="http://www.loc.gov/MARC21/slim">

  <leader>03100cam a22004574i 4500</leader>
  <controlfield tag="003">PE-LiUPU</controlfield>
  <controlfield tag="005">20250731165421.0</controlfield>
  <controlfield tag="008">151223s2013    pe     grm    000 0 spa d</controlfield>
  <datafield tag="035" ind1=" " ind2=" ">
    <subfield code="a">(Sirsi) a155595</subfield>
  </datafield>
  <datafield tag="040" ind1=" " ind2=" ">
    <subfield code="a">PE-LiUPU</subfield>
    <subfield code="b">spa</subfield>
    <subfield code="c">PE-LiUPU</subfield>
    <subfield code="e">rda</subfield>
  </datafield>
  <datafield tag="082" ind1="0" ind2="4">
    <subfield code="a">371.26</subfield>
    <subfield code="b">A55 3</subfield>
  </datafield>
  <datafield tag="099" ind1=" " ind2=" ">
    <subfield code="a">TE 3</subfield>
    <subfield code="b">A55 2013</subfield>
  </datafield>
  <datafield tag="100" ind1="1" ind2=" ">
    <subfield code="a">Anampa Arias, Hernestina Magdalena</subfield>
    <subfield code="e">utor</subfield>
  </datafield>
  <datafield tag="245" ind1="1" ind2=" ">
    <subfield code="a">Autoestima y su relaci&#xF3;n con el rendimiento acad&#xE9;mico en matem&#xE1;tica de los alumnos del tercer grado de Educaci&#xF3;n Primaria de la Instituci&#xF3;n Educativa 1222 H&#xFA;sares de Jun&#xED;n.</subfield>
  </datafield>
  <datafield tag="264" ind1=" " ind2="0">
    <subfield code="c">2013.</subfield>
  </datafield>
  <datafield tag="300" ind1=" " ind2=" ">
    <subfield code="a">163 hojas </subfield>
    <subfield code="c">30 cm</subfield>
  </datafield>
  <datafield tag="336" ind1=" " ind2=" ">
    <subfield code="a">text</subfield>
    <subfield code="2">rdacontent</subfield>
  </datafield>
  <datafield tag="337" ind1=" " ind2=" ">
    <subfield code="a">unmediated</subfield>
    <subfield code="2">rdamedia</subfield>
  </datafield>
  <datafield tag="338" ind1=" " ind2=" ">
    <subfield code="a">volume</subfield>
    <subfield code="2">rdacarrier</subfield>
  </datafield>
  <datafield tag="502" ind1=" " ind2=" ">
    <subfield code="a">Tesis</subfield>
    <subfield code="b">(Mg.) -- </subfield>
    <subfield code="c">Universidad Peruana Uni&#xF3;n,</subfield>
    <subfield code="d">2013.</subfield>
  </datafield>
  <datafield tag="504" ind1=" " ind2=" ">
    <subfield code="a">Incluye referencias</subfield>
  </datafield>
  <datafield tag="520" ind1="3" ind2=" ">
    <subfield code="a">Teniendo en cuenta las profundas y cr&#xF3;nicas deficiencias que la mayor&#xED;a de estudiantes muestran en su rendimiento acad&#xE9;mico de matem&#xE1;tica, as&#xED; como los estudios relacionados con la autoestima, se plante&#xF3; la presente investigaci&#xF3;n de tipo correlacional, con el prop&#xF3;sito de establecer la asociaci&#xF3;n entre las variables autoestima y rendimiento acad&#xE9;mico. Para tal efecto, se consider&#xF3; como poblaci&#xF3;n y muestra a los 143 estudiantes del 3er. grado de Educaci&#xF3;n Primaria de la IE N&#xB0; 1222, H&#xFA;sares de Jun&#xED;n de Vitarte, quienes en el segundo semestre del 2012, se les aplic&#xF3; una prueba para medir sus capacidades sobre los contenaidos de matem&#xE1;tica, y simult&#xE1;neamente se les tom&#xF3; el test de Coopersmith para medir el nivel de autoestima, lo que permiti&#xF3; de determinar claramente los grados de asociaci&#xF3;n entre autoestima y rendimiento acad&#xE9;mico en el &#xE1;rea de matem&#xE1;tica. Las conclusiones m&#xE1;s importantes son las siguientes: 1) la correlaci&#xF3;n entre las variables auto concepto y rendimiento acad&#xE9;mico en el &#xE1;rea de matem&#xE1;tica del alumno del tercer grado de primaria es media alta, significativa al 0.01; 2), la correlaci&#xF3;n entre las variables auto respecto y rendimiento acad&#xE9;mico en el &#xE1;rea de matem&#xE1;tica del alumno del tercer grado de primaria es media alta, significativa al 0.01; 3) la correlaci&#xF3;n entre las variables autoconocimiento y rendimiento acad&#xE9;mico en el &#xE1;rea de matem&#xE1;tica del estudiante del tercer grado de primaria es media alta, significativa al 0.01; y 4) la correlaci&#xF3;n entre las variables autoevaluaci&#xF3;n y rendimiento acad&#xE9;mico en el &#xE1;rea de matem&#xE1;tica del alumno del tercer grado de primaria es media, significativa al 0.01.</subfield>
  </datafield>
  <datafield tag="526" ind1=" " ind2=" ">
    <subfield code="a">SEG44</subfield>
  </datafield>
  <datafield tag="526" ind1=" " ind2=" ">
    <subfield code="a">SEG26</subfield>
  </datafield>
  <datafield tag="526" ind1=" " ind2=" ">
    <subfield code="a">P151</subfield>
  </datafield>
  <datafield tag="526" ind1=" " ind2=" ">
    <subfield code="a">P150</subfield>
  </datafield>
  <datafield tag="526" ind1=" " ind2=" ">
    <subfield code="a">P149</subfield>
  </datafield>
  <datafield tag="526" ind1=" " ind2=" ">
    <subfield code="a">P146</subfield>
  </datafield>
  <datafield tag="526" ind1=" " ind2=" ">
    <subfield code="a">P145</subfield>
  </datafield>
  <datafield tag="526" ind1=" " ind2=" ">
    <subfield code="a">P126</subfield>
  </datafield>
  <datafield tag="526" ind1=" " ind2=" ">
    <subfield code="a">P125</subfield>
  </datafield>
  <datafield tag="526" ind1=" " ind2=" ">
    <subfield code="a">P92</subfield>
  </datafield>
  <datafield tag="526" ind1=" " ind2=" ">
    <subfield code="a">P75</subfield>
  </datafield>
  <datafield tag="526" ind1=" " ind2=" ">
    <subfield code="a">P74</subfield>
  </datafield>
  <datafield tag="526" ind1=" " ind2=" ">
    <subfield code="a">P27</subfield>
  </datafield>
  <datafield tag="526" ind1=" " ind2=" ">
    <subfield code="a">P15</subfield>
  </datafield>
  <datafield tag="650" ind1="1" ind2="4">
    <subfield code="a">Rendimiento acad&#xE9;mico (Educaci&#xF3;n primaria)</subfield>
    <subfield code="x">Autoestima</subfield>
    <subfield code="v">Tesis.</subfield>
  </datafield>
  <datafield tag="596" ind1=" " ind2=" ">
    <subfield code="a">1</subfield>
  </datafield>
  <datafield tag="942" ind1=" " ind2=" ">
    <subfield code="2">ddc</subfield>
    <subfield code="c">TESIS</subfield>
  </datafield>
  <datafield tag="999" ind1=" " ind2=" ">
    <subfield code="a">TE 3 A55 2013</subfield>
    <subfield code="w">ALPHANUM</subfield>
    <subfield code="c">8269</subfield>
    <subfield code="i">T01390</subfield>
    <subfield code="l">CCODEBUL3</subfield>
    <subfield code="m">BUL</subfield>
    <subfield code="r">1</subfield>
    <subfield code="s">Y</subfield>
    <subfield code="t">TESIS</subfield>
    <subfield code="u">2015-12-23</subfield>
    <subfield code="x">POSGRADO</subfield>
    <subfield code="P">P57</subfield>
    <subfield code="o">.STAFF. Tesis</subfield>
    <subfield code="d">8269</subfield>
  </datafield>
  <datafield tag="980" ind1=" " ind2=" ">
    <subfield code="8">1</subfield>
    <subfield code="g">ALBERTO SANCHEZ Responsable de Automatizaci&#xF3;n</subfield>
  </datafield>
  <datafield tag="952" ind1=" " ind2=" ">
    <subfield code="r">2023-11-13 00:00:00</subfield>
    <subfield code="l">0</subfield>
    <subfield code="o">TE 3 A55 2013</subfield>
    <subfield code="p">T01390</subfield>
    <subfield code="t">e1</subfield>
    <subfield code="w">2015-12-23</subfield>
    <subfield code="x">PG</subfield>
    <subfield code="y">TESIS</subfield>
    <subfield code="z">Este &#xCD;tem NO se presta por ser Ejemplar #1.</subfield>
    <subfield code="1">0</subfield>
    <subfield code="2">ddc</subfield>
    <subfield code="7">1</subfield>
    <subfield code="8">TESIS</subfield>
    <subfield code="f">P57</subfield>
    <subfield code="a">BUL</subfield>
    <subfield code="b">BUL</subfield>
    <subfield code="c">TESIS</subfield>
    <subfield code="d">2015-12-23</subfield>
  </datafield>
</record>
